000 00435nab a2200145Ia 4500
003 ES-SlBCS
005 20210601131746.0
008 140529s1936 xxu||||| |||| 00| 0 fre d
041 _afre
100 1 _aGuyon, B.
_9188671
245 0 0 _aLe conflit italo-éthiopen et le problème moral
_c B. Guyon
651 4 _aItalia-Etiopía
_9188677
773 0 _tVie Intelectuelle (La)
_gvol. 42, nº. 3, 1936, págs. 445-450
_wRev907
942 _cAR
999 _c568316
_d568316